Aspects probabilistes de la théorie du potentiel /

Guardado en:
Autor Principal: Kac, Mark.
Formato: Libro
Idioma:French
Publicado: Montréal : Presses de l'Université de Montréal, 1970.
Series:Séminaire de mathématiques supérieures ; 32
Etiquetas: Agregar Etiqueta
Sin Etiquetas, Sea el primero en etiquetar este registro!
LEADER 00878cam a22002175 4500
001 MAT.inmabb001909
008 771228s1970####quc###########000#0#fre#d
005 20160407153341.0
245 1 0 |a Aspects probabilistes de la théorie du potentiel /  |c par Mark Kac. 
260 |a Montréal :  |b Presses de l'Université de Montréal,  |c 1970. 
300 |a 151 p. ;  |c 28 cm. 
440 0 |a Séminaire de mathématiques supérieures ;  |v 32 
500 |a Cab. de portada: Université de Montréal. Département de mathématiques. 
500 |a "Notes du cours donné. ... à la 7e session du Séminaire de mathématiques supérieures de l'Université de Montréal, tenue l'été 1968." 
504 |a Bibliografía: p. 145-148. 
510 4 |a MR,  |c 45 #2798 
020 |a 0840501447 
100 1 |a Kac, Mark. 
084 |a 60J45  |2 msc2000 
010 |a  75496322  
859 |h 60  |i K11a  |p A-3203  |b BIB. MATEMATICA